Keys to U.S. competitiveness /

Bibliographic Details
Main Author: Morrison, Catherine, 1934-
Other Authors: McGuire, E. Patrick (Edward Patrick), 1932-, Clarke, Mary Ann
Format: Book
Language:English
Published: New York, N.Y. : Conference Board, [1988]
Series:Conference Board report ; no. 907.
Subjects:

MARC

Tag First Indicator Second Indicator Subfields
LEADER 00000cam a2200000 a 4500
001 in00000030077
005 20151007054856.0
008 880418s1988 nyua b 00010 eng d
020 |a 0823703517 
035 |a (OCoLC)17802020 
035 |9 AAB6493AM 
040 |a TXA  |c TXA  |d DTC  |d ISL  |d TXA  |d UtOrBLW 
043 |a n-us--- 
049 |a TXAM  |c [A11532067] 
050 4 |a HD41  |b .M67 1988 
100 1 |a Morrison, Catherine,  |d 1934- 
245 1 0 |a Keys to U.S. competitiveness /  |c by Catherine Morrison, E. Patrick McGuire, Mary Ann Clarke. 
264 1 |a New York, N.Y. :  |b Conference Board,  |c [1988] 
264 4 |c ©1988 
300 |a x, 35 pages :  |b illustrations ;  |c 28 cm. 
336 |a text  |b txt  |2 rdacontent 
337 |a unmediated  |b n  |2 rdamedia 
338 |a volume  |b nc  |2 rdacarrier 
490 1 |a Conference Board research report ;  |v no. 907 
504 |a Includes bibliographical references. 
650 0 |a Competition  |z United States. 
650 0 |a Education. 
650 0 |a Free trade. 
650 0 |a Research and development contracts  |z United States. 
650 0 |a Research. 
700 1 |a McGuire, E. Patrick  |q (Edward Patrick),  |d 1932- 
700 1 |a Clarke, Mary Ann. 
740 0 |a Keys to United States competitiveness. 
830 0 |a Conference Board report ;  |v no. 907. 
999 |a MARS 
999 f f |s 8afea311-34a9-3f27-94d4-55841ace785b  |i 0c96b24a-b5b7-3602-84ea-438045f05ab2  |t 0 
952 f f |p ric  |a Texas A&M University  |b Rellis Campus  |c Joint Library Facility  |d Remote Storage  |t 0  |e HD41 .M67 1988  |h Library of Congress classification  |i unmediated -- volume  |m A14811532067 
998 f f |a HD41 .M67 1988  |t 0  |l Remote Storage